Famous Stone Statues - Statistics

General Stats
  • This quiz has been taken 20 times
  • The average score is 7 of 16
Answer Stats
Picture Answer % Correct
Mount Rushmore
90%
Great Sphinx of Giza
85%
Christ the Redeemer
80%
David
65%
Julius Caesar
60%
Lincoln Memorial
55%
Moai
40%
Crazy Horse
35%
Martin Luther King. Jr Memorial
30%
Venus de Milo
30%
Pieta
25%
Olmec colossal heads
20%
The Motherland Calls
20%
Buddha of Bamiyan
10%
Ecstasy of St. Teresa
5%
Sendai Daikannon
5%
No matching quizzes found
Score Distribution
Percent of People with Each Score
Percentile by Number Answered
Your Score History
You have not taken this quiz